000 00978nam a2200217Ia 4500
001 20655
003 GE_BSU
008 181216s||||||||xx |||||||||||||| ||und||
040 _cGE_BSU
245 _aრელიგია : სამეცნიერო-საღვთისმეტყველო ჟურნალი:1995 #7-8-9
245 _cსარედ:კოლ.მეუფე კონსტანტინე მელიქაძე და სხვ.მთ.რედ:ვიქტორ რცხილაძე
260 _aთბილისი
260 _bგ.გ
260 _c1995
300 _a144გვ;26სმ.
300 _bგარეკანის პირველი გვერდი ილ.
653 _aპერიოდიკა
653 _aრელიგია
653 _aრელიგია : სამეცნიერო-საღვთისმეტყველო ჟურნალი:2011 #7-8-9
942 _cCR
999 _c53608
_d53608